Flag Colors Click Quiz - Statistics

General Stats
  • This quiz has been taken 52 times
  • The average score is 10 of 26
Answer Stats
Hint Answer % Correct
Blue, Yellow Ukraine
62%
Red, Green Bangladesh
56%
White, Blue Israel
53%
Green, Yellow, Black Jamaica
50%
White, Black Afghanistan
47%
White, Black, Blue Estonia
47%
Blue, Yellow, Black Barbados
44%
Red, Yellow, Black Belgium
44%
White, Orange, Green Cyprus
44%
Red, White Georgia
44%
Red, Yellow, Green Lithuania
38%
White, Green Pakistan
38%
Green, Yellow, Blue Rwanda
38%
White, Yellow, Blue Nauru
35%
Red, White, Blue Nepal
35%
Red, Yellow, Blue Colombia
32%
Red, Black, Green Malawi
32%
Red, White, Green Oman
32%
Red, White, Black Trinidad and Tobago
32%
Red, Yellow, Black, Green Guinea-Bissau
26%
White, Blue, Black, Green Lesotho
26%
Green, Yellow, Blue, Black Tanzania
26%
Red, White, Blue, Yellow Tuvalu
26%
Red, White, Blue, Green Uzbekistan
26%
Red, Yellow, White, Green Suriname
24%
Red, White, Black, Green Syria
12%
No matching quizzes found
Score Distribution
Percent of People with Each Score
Percentile by Number Answered
Your Score History
You have not taken this quiz